Banking in Asia : the end of entitlement (Record no. 377325)

MARC details
000 -LEADER
fixed length control field 00667nam a2200217Ia 4500
008 - FIXED-LENGTH DATA ELEMENTS--GENERAL INFORMATION
fixed length control field 191130s1999##################000#0#eng##
020 ## - INTERNATIONAL STANDARD BOOK NUMBER
ISBN 9780471831921
082 ## - DEWEY DECIMAL CLASSIFICATION NUMBER
Classification number 332.1095 CAS
100 ## - MAIN ENTRY--AUTHOR NAME
Personal name Casserley, Dominic
245 ## - TITLE STATEMENT
Title Banking in Asia : the end of entitlement
Statement of responsibility, etc Dominic Casserley, Gregg Gibb, and the Financial Institutions Team
260 ## - PUBLICATION, DISTRIBUTION, ETC. (IMPRINT)
Place of publication Hoboken, NJ
Name of publisher Wiley
Year of publication 1999
300 ## - PHYSICAL DESCRIPTION
Number of Pages 429 p. : ill. ; 24 cm
500 ## - GENERAL NOTE
General note Includes index
650 ## - SUBJECT ADDED ENTRY--TOPICAL TERM
Topical Term Banks and banking - Asia - Case studies
700 ## - ADDED ENTRY--PERSONAL NAME
Personal name Gibb, Greg
991 ## -
-- 162275
Holdings
Withdrawn status Lost status Damaged status Not for loan Home library Current library Shelving location Date acquired Full call number Accession Number Price effective from Koha item type
        Anna Centenary Library Anna Centenary Library 4TH FLOOR, A WING 17.10.2020 332.1095 CAS 469286 17.10.2020 English Books

Find us on the map